| 000 | 00629nam a22002057a 4500 | ||
|---|---|---|---|
| 999 |
_c9043 _d9043 |
||
| 003 | AR-CdUCM | ||
| 008 | 190327b ||||| |||| 00| 0 spa d | ||
| 040 |
_aMUNICIPALIDAD PROVINCIAL DEL CUSCO _cBIBLIOTECA MUNICIPAL DEL CUSCO |
||
| 082 |
_a869.56 / _bT18 |
||
| 100 |
_aTamayo Vargas, Augusto _91952 |
||
| 245 | _aNuevamente Poesia / | ||
| 260 |
_aArgentina : _bLosada S.A, _c1965. |
||
| 300 |
_a70 páginas ; _c20.5 cm. |
||
| 500 | _aContiene dedicatoria a Luis Nieto | ||
| 650 |
_aPoesia Argentina _91657 |
||
| 650 |
_aPoesia Latinoamericana _92147 |
||
| 650 |
_aPoesia Moderna _924656 |
||
| 942 |
_2ddc _cLIBROS |
||
| 945 | _artm | ||